| 000 | 00812nam a22002531 4500 | ||
|---|---|---|---|
| 001 | 35935 | ||
| 003 | BD-RjUL | ||
| 005 | 20211209052414.0 | ||
| 008 | 140611s1968 nyu b 000 0 eng d | ||
| 035 | _a(BD-RjUL)36031 | ||
| 040 |
_aDLC _cDLC _dDLC _dBD-RjUL _beng |
||
| 041 | _aeng | ||
| 082 | 0 | 0 |
_a320.01 _bMCW 1968 |
| 100 | 1 |
_aMcDonald, Lee Cameron. _9109392 |
|
| 245 | 1 | 0 |
_aWestern political theory: _bfrom its origins to the present / _cLee Cameron McDonald |
| 260 |
_aNew York : _bHarcourt, Brace & World _c1968. |
||
| 300 |
_axiv, 653 p.; _c24 cm. |
||
| 500 | _a"Chapters 10-28 ... are a revision of Western political theory: the modern age." | ||
| 504 | _aIncludes bibliographies. | ||
| 650 | 0 |
_aPolitical science. _9109393 |
|
| 942 |
_2ddc _cBK |
||
| 999 |
_c35935 _d35935 |
||